• 首页
  • 本馆介绍
  • 公告通知
  • 最新文献
  • 馆藏检索
  • 电子资源
  • 读者导购
  • 参考咨询
  • 我的图书馆
  • 登录
  • 详细信息显示
  • 放入我的书架
  • 预约/预借图书
  • 作者相关作品
  • 分类相关作品
  • 丛书相关作品
  • 出版社相关作品

书目信息

  • 表格格式
  • 工作单格式
  • 卡片格式
题名:
区域经济学
    
 
作者: 张洪 主编
分册:  
出版信息: 北京   中国人民大学出版社  2014
页数: 381页
开本: 26cm
丛书名:
单 册:
中图分类: F061.5
科图分类:
主题词: 区域经济学--Qu Yu Jing Ji Xue--高等学校--教材
电子资源:
ISBN: 978-7-300-19380-9
000 01084nam0 22002411 450
001 350065
005 20161009083705.70
010    @a978-7-300-19380-9@dCNY45.00
100    @a20141114d2014 em y0chiy50 ea
101 0  @achi
102    @aCN@b110000
105    @aa z 000yy
106    @ar
200 1  @a区域经济学@AQu Yu Jing Ji Xue@f张洪主编
210    @a北京@c中国人民大学出版社@d2014
215    @a381页@c图@d26cm
300    @a教育部经济管理类主干课程教材 云南省普通高等学校“十二五”规划教材 云南省精品课程教材
330    @a本书首先梳理了区域经济学的基本概念和研究方法,在此基础上,依次论述了区域经济增长与发展、区域产业结构演变与优化、经济活动的区位、区域经济空间结构、乡村与城市经济发展、区际经济关系、区域经济政策、可持续发展战略等问题,并对区域经济学最新研究成果,如新经济地理学理论、区域营销与区域管治理论及实践、总部经济理论、区域创新与区域竞争力理论作了简要介绍。
606 0  @a区域经济学@AQu Yu Jing Ji Xue@x高等学校@j教材
690    @aF061.5@v5
701  0 @a张洪@AZhang Hong@f(1958.6~)@4主编
801  0 @aCN@bTANGWEI@20160803
905    @b0888150-4@dF061.5@e141@f5
    
    区域经济学/张洪主编 .-北京:中国人民大学出版社,2014
    381页:图;26cm
    教育部经济管理类主干课程教材 云南省普通高等学校“十二五”规划教材 云南省精品课程教材
    
    ISBN 978-7-300-19380-9:CNY45.00
    本书首先梳理了区域经济学的基本概念和研究方法,在此基础上,依次论述了区域经济增长与发展、区域产业结构演变与优化、经济活动的区位、区域经济空间结构、乡村与城市经济发展、区际经济关系、区域经济政策、可持续发展战略等问题,并对区域经济学最新研究成果,如新经济地理学理论、区域营销与区域管治理论及实践、总部经济理论、区域创新与区域竞争力理论作了简要介绍。
●
相关链接 在E读中查询图书 在五车中查询图书 在当当中查询图书 在豆瓣中查询图书


正题名:区域经济学     索取号:F061.5/141         预约/预借

序号 登录号 条形码 馆藏地/架位号 状态 备注
1 0888150   208881502   第一样本阅览室/ [索取号:F061.5/141] 在馆    
2 0888151   208881511   第一借阅区/ [索取号:F061.5/141] 在馆    
3 0888152   208881520   第一借阅区/ [索取号:F061.5/141] 在馆    
4 0888153   208881539   第一借阅区/ [索取号:F061.5/141] 在馆    
5 0888154   208881548   密集书库-海洋学院/ [索取号:F061.5/141] 在馆    
唐山师范学院图书馆 欢迎您!
大连网信软件有限公司© 版权所有